1273 1373 1780 1794 1154 1468 1725 1159 1739 1299 1948 1984 1658 1477 1451 1642 1675 1389 1426 1225 1963 1293 1766 1465 1357 1778 1803 1181 1207 1799 1352 1382 1456 1482 1954 1462 1400 1603 1207 1670 1832 1870 1210 1094 1710 1074 1334 1089 1227 1672 1279 1096 1889 1845 1767 1661 1964 1232 1582 1590 1219 1354 1122 1343 1015 1531 1149 1974 1327 1133 1334 1692 1324 1470 1251 1197 1726 1024 1995 1197 1383 1305 1355 1570 1098 1776 1497 1729 1393 1727 1259 1114 1474 1833 1507 1479 1757 1422 1063 BCNSPRNW ULIB Ver.6.0+V

เปลี่ยนเป็นภาษาไทย

Change to English
 แสดงรายละเอียดบรรณานุกรม
  กลับหน้าหลัก

Brief Record : Get Marc (ISO 2709) : E-mail record : QR code < ปิดหน้าต่าง
LEADER : 00000nam 2200000uu 4500
001    13399125125
003     ULIB
008    160930s2555||||th 000 0 tha d
020    ^a9786167531670
090    ^aนว.^bอ164ท
100    ^aอนันตชา
245    ^aทัณฑ์สวาททาสรัก /^cอนันตชา
260    ^aกรุงเทพฯ :^bสำนักพิมพ์พลอยใส,^c2555
300    ^a240หน้า
945    ^p99^l0^i001360
999    ^aณรีรัตน์ วารุกา
รายการนี้ยังไม่มีแท็ก
คุณยังไม่ได้ล็อกอิน คุณสามารถมีกิจกรรมร่วมกับเว็บไซต์ได้ แต่ต้องล็อกอินก่อน ::
  ล็อกอิน

รายการสื่อสารสนเทศ

ลำดับที่ ประเภท เลขเรียก/บาร์โค้ด สถานที่ สถานะ
1. นวนิยาย
นวนิยาย
นว. อ164ท ฉ.1 
  Barcode: 001360
ห้องสมุดวิทยาเขตนครสวรรค์
►นวนิยาย:l:Fiction
บนชั้น

BibComment


ยังไม่เคยถูกคอมเมนท์

คอมเมนท์ทรัพยากรรายการนี้
  คอมเมนท์: ทัณฑ์สวาททาสรัก ..


 Copyright 2026. Bcnsprnw @Library